=LDR 00000nam 2200000 4500 =001 INLIS000000000013548 =005 20130612104926 =008 ***********************************Ind** =035 ##$$0010-061300000013548 =041 ##$$a Ind =082 ##$$a 616.132 =090 ##$$a 616.132, Sim t =100 ##$$a Simorangkir, A =245 ##$$a Terapi gizi untuk penyakit kardiovaskuler (Jantung-atheroselorosis- asterioselesosis), A.Simorangkir =260 ##$$a (s.a) $b Bandung =300 ##$$a 165 hlm, 21 cm =650 ##$$a Hipertensi - Diagnosis =850 ##$$a NBPNMAT =990 ##$$a 0001/BPAP-NTB/2016 =990 ##$$a 0001/BPAP-NTB/2016 =990 ##$$a 0001/BPAP-NTB/2016